| 000 | 02470cam a22004094a 4500 | ||
|---|---|---|---|
| 001 | 15909582 | ||
| 003 | OSt | ||
| 005 | 20220817112037.0 | ||
| 008 | 090915s2011 njua b 001 0 eng | ||
| 010 | _a 2009038339 | ||
| 015 |
_aGBA9B5409 _2bnb |
||
| 016 | 7 |
_a101515176 _2DNLM |
|
| 016 | 7 |
_a015432641 _2Uk |
|
| 020 | _a9780136035480 | ||
| 020 | _a0136035485 | ||
| 035 | _a(OCoLC)ocn436968434 | ||
| 040 |
_aDNLM/DLC _cLC _dYDX _dNLM _dYDXCP _dBWX _dUKM _dDLC |
||
| 042 | _apcc | ||
| 050 | 0 | 0 | _aRT41.B3912 |
| 060 | 0 | 0 | _a2010 D-798 |
| 082 | 0 | 0 |
_a610.73 _222 |
| 100 | 1 |
_aBerman, Audrey. _9189 |
|
| 245 | 1 | 0 |
_aNursing basics for clinical practice. / _cAudrey Berman, Shirlee J. Snyder, Debra S. McKinney. |
| 260 |
_aUpper Saddle River, N.J.: _bPearson, _c2011. |
||
| 300 |
_axxi, 1182, [62] p. : _bill. (chiefly col.) ; _c28 cm. |
||
| 504 | _aIncludes bibliographical references and index. | ||
| 505 | _aContents: The nature of nursing: Principles of nursing and evidence-based practice -- Legal and ethical aspects of nursing -- Health care delivery systems -- Culture and heritage -- Health beliefs and practices -- The Nursing process: Critical thinking and clinical reasoning -- The nursing process -- Informatics, documentation and reporting -- Development and family health: Promoting health throughout the lifespan -- Promoting health in elders -- Promoting health in the family -- Integral aspects of nursing: Caring -- Communication -- Teaching -- Leading, managing and delegating -- Assessing health: Vital signs -- Health assessment -- Pain management -- Integral components of client care: Asepsis -- Diagnostic testing -- Safety -- Hygiene -- Medications -- Skin Integrity and wound care -- Perioperative nursing -- Promoting psychosocial health: Sensory perception -- Self-concept -- Sexuality -- Spiritually -- Coping with stress, loss and death -- Promoting physiologic health: Activity, exercise and sleep -- Nutrition -- Urinary elimination -- Fecal elimination -- Oxygenation and circulation -- Fluid, electrolyte and acid-base -- | ||
| 650 | 0 |
_aNursing. _9102 |
|
| 650 | 1 | 2 |
_aNursing Process. _9104 |
| 650 | 2 | 2 |
_aNursing _xmethods. _9190 |
| 650 | 2 | 2 |
_aNursing Care _xmethods. _9191 |
| 700 | 1 |
_aSnyder, Shirlee J. _9192 |
|
| 700 | 1 |
_aMcKinney, Debra S. _9193 |
|
| 906 |
_a7 _bcbc _corignew _d1 _eecip _f20 _gy-gencatlg |
||
| 942 |
_2lcc _cBK |
||
| 999 |
_c9150 _d16650 |
||